Loading...

The uses of cultural studies : a textbook

Bibliographic Details
Main Author: Angela McRobbie
Format: Printed Book
Published: London Sage 2006
Subjects:
LEADER 00643nam a22001931a 4500
020 |a 9781412908450  |c 0.00 
040 |a SSUS - Library - Kalady 
082 |a 306  |b MCR/U 
100 |a Angela McRobbie  
245 |a The uses of cultural studies : a textbook  |h [Text] 
260 |a London  |b Sage  |c 2006 
300 |a 211p. 
600 |a Cultural Studies 
600 |a Cultural Studies 
600 |a Social Sciences 
852 |h 306  |i MCR/U  |p 053037  |9 1758.47  |t 0 
942 |c BK 
999 |c 48447  |d 48447 
952 |0 0  |1 0  |4 0  |6 306_000000000000000_MCR_U  |7 0  |9 70129  |a SSUS  |b SSUS  |d 2015-01-08  |g 1758.47  |l 5  |m 1  |o 306 MCR/U  |p 053037  |r 2019-09-30  |s 2019-09-30  |v 0.00  |w 2015-01-08  |y BK